| 000 | 00309nam a22001097a 4500 | ||
|---|---|---|---|
| 082 | _a629.13338 YAT'S | ||
| 100 |
_aYATES, RAYMOND F,RUSSELL, M. E _958949 |
||
| 245 | _aSPACE ROCKETS AND MISSILES ILLUSTRATED WITH 76 PHOTOGRAPHS AND DRAWINGS | ||
| 260 |
_aNEWYORK _bHARPER _c1960 |
||
| 300 | _a337P | ||
| 942 | _cBK | ||
| 999 |
_c569017 _d569017 |
||